| Tag |
First Indicator |
Second Indicator |
Subfields |
| LEADER |
00000cam a22000008a 4500 |
| 001 |
in00001050921 |
| 005 |
20150929083022.0 |
| 008 |
911024s1992 paua b 001 0aeng |
| 010 |
|
|
|a 91039308
|
| 020 |
|
|
|a 0942597346 :
|c $24.95
|
| 035 |
|
|
|a (OCoLC)24846119
|
| 035 |
|
|
|9 AFJ8481AM
|
| 040 |
|
|
|a DLC
|c DLC
|d TXA
|d UtOrBLW
|
| 043 |
|
|
|a n-us-ny
|
| 049 |
|
|
|a TXAS [mil]
|
| 050 |
0 |
0 |
|a D570.9.E77
|b A3 1992
|
| 082 |
0 |
0 |
|a 940.4/12747
|2 20
|
| 100 |
1 |
|
|a Ettinger, Albert M.,
|d 1900-1984.
|
| 245 |
1 |
2 |
|a A Doughboy with the Fighting Sixty-Ninth :
|b a remembrance of World War I /
|c by Albert M. Ettinger and A. Churchill Ettinger.
|
| 264 |
|
1 |
|a Shippensburg, PA :
|b White Mane Pub. Co.,
|c [1992]
|
| 264 |
|
4 |
|c ©1992
|
| 300 |
|
|
|a xxiv, 286 pages :
|b illustrations ;
|c 24 cm.
|
| 336 |
|
|
|a text
|b txt
|2 rdacontent
|
| 337 |
|
|
|a unmediated
|b n
|2 rdamedia
|
| 338 |
|
|
|a volume
|b nc
|2 rdacarrier
|
| 504 |
|
|
|a Includes bibliographical references and index.
|
| 500 |
|
|
|a Spine title: A doughboy with the fighting 69th.
|
| 600 |
1 |
0 |
|a Ettinger, Albert M.,
|d 1900-1984.
|
| 650 |
|
0 |
|a World War, 1914-1918
|v Personal narratives, American.
|
| 610 |
1 |
0 |
|a New York (State).
|b National Guard.
|b Regiment, 69th
|x History.
|
| 610 |
1 |
0 |
|a United States.
|b Army.
|b Infantry Regiment, 165th
|x History.
|
| 650 |
|
0 |
|a Soldiers
|z United States
|v Biography.
|
| 700 |
1 |
|
|a Ettinger, A. Churchill
|q (Albert Churchill),
|d 1925-
|
| 740 |
0 |
|
|a Doughboy with the fighting 69th.
|
| 999 |
|
|
|a MARS
|
| 999 |
f |
f |
|s f60336e1-6dce-355c-9f82-354b662b606b
|i 4ee78ab1-302e-3962-92cd-bb9a6f591360
|t 0
|
| 952 |
f |
f |
|p normal
|a Texas A&M University
|b College Station
|c Sterling C. Evans Library
|d Evans: Library Stacks
|t 0
|e D570.9.E77 A3 1992
|h Library of Congress classification
|i unmediated -- volume
|m A14816218901
|
| 952 |
f |
f |
|p noncirc
|a Texas A&M University
|b College Station
|c Cushing Memorial Library & Archives
|d Cushing: Ragan Military (Does not check out)
|t 0
|e D570.9.E77 A3 1992
|h Library of Congress classification
|i unmediated -- volume
|m A14852133298
|
| 998 |
f |
f |
|a D570.9.E77 A3 1992
|t 0
|l Cushing: Ragan Military (Does not check out)
|
| 998 |
f |
f |
|a D570.9.E77 A3 1992
|t 0
|l Evans: Library Stacks
|